Responses for Show #7203 - Wednesday, December 30, 2015

Alex uses a cane during the closing credits chat.

Contestants

[<< previous game]

Johnny Saunders, a retired convenience store manager from Dallas, Texas

Erik Johns, a marketing manager from Chicago, Illinois

Camille Hooper, an accountant from Port Saint Lucie, Florida (whose 1-day cash winnings total $2,799)

[next game >>]

Jeopardy! Round responses

AVIATION
A TOUGH FOOD CATEGORY
RANDOM HOUSE DEFINITIONS
LITERARY CHARACTERS
SEWING
BOXER BRIEFS
    $200 3
a cockpit

Erik
    $200 4
jerky

Erik
    $200 20
(Johnny: What is a corpse?)

zombie

ErikJohnny
    $200 9
Fahrenheit 451

Johnny
    $200 13
Muhammad Ali

Camille
    $400 6
a parachute

Camille
    $400 1
liver

Camille
    $400 21
underclassman

Johnny
    $400 10
Three Sisters

Johnny
    $400 16
Mike Tyson

Erik
    $600 26
Heathrow

Johnny
    $600 2
(Erik: What is... oh. Ah, lost it.)

okra

ErikJohnny
    $600 22
Kareem

Erik
    $600 8
A Room with a View

Johnny
    $600 14
a zipper

Camille
    $600 17
George Foreman

Johnny
    $1,000 27
(Johnny: Uh, what is Kitty Hawk?)
...
(Alex: Home of the Wright Brothers. You picked the place of their first flight.)
[The end-of-round signal sounds.]

Dayton, Ohio

Johnny
    $800 5
calamari

Johnny
    $800 23
tassel

Camille
    $800 11
(Alex: Last name was [*]. Sal [*]. The Beat Generation.)

Paradise

Triple Stumper
    $800 15
a bobbin

Erik
    $800 18
Oscar De La Hoya

Erik
    $1000 7
tripe

Camille
    $1000 24
ibid

Camille
    $1000 12
Zorba (the Greek)

Johnny
    $1000 25
(Alex: Less than a minute now to go.)

a pattern

Camille
    $1000 19
(Floyd) Mayweather

Erik

Scores at the first commercial break (after clue 15):

Camille Erik Johnny
$2,600 $600 $3,600

Scores at the end of the Jeopardy! Round:

Camille Erik Johnny
$5,400 $3,600 $4,000

Double Jeopardy! Round responses

WHAT A SUCCESSION!
GEO-PARDY
PLAYING REEL PEOPLE
FAILED CHILDREN'S BOOK ANIMALS
(Alex: In [*], we made the books up.)
"RAG"s
RICHES
    $400 6
the Incan Empire

Johnny
    $400 1
Addis Ababa

Erik
    $400 16
Ed Wood

Camille
    $400 25
the Westminster Dog Show

Erik
    $400 15
ragtime

Erik
    $400 11
polo

Camille
    $800 7
Octavian (or Augustus)

Johnny
    $800 2
Norway

Triple Stumper
    $800 18
(Alex: Remember the U2 incident.)

Francis Gary Powers

Triple Stumper
    $800 26
a worm

Camille
    $800 22
(Alex: With a minute to go, you're right.)

a ragtop

Erik
    $800 13
Rolex

Johnny
    $2,000 8
Spain

Johnny
    $1200 3
(Erik: What are the... oh. Sorry.)
(Camille: What's the Galápagos?)

the Falklands (the Falkland Islands)

CamilleErikJohnny
    $1200 19
Anthony Hopkins

Camille
    $1200 23
ragweed

Johnny
    $1200 10
a Learjet

Erik
    $1600 9
women

Camille
    $1,000 4
Georgia

Johnny
    $1600 20
Jack Nicholson

Triple Stumper
    $1600 21
Ragnarok

Johnny
    $1600 12
hedge (hedging accepted)

Erik
    $2000 5
(Camille: What's China?)

Thailand

Camille
Triple Stumper
    $2000 17
Bettie Page

Erik
    $2000 27
(Erik: What are... what is cellulose?)
[The end-of-round signal sounds.]

pheromones

Erik
Triple Stumper
    $2000 24
Raglan

Erik
    $2000 14
the Château Lafite Rothschild

Triple Stumper

Scores at the end of the Double Jeopardy! Round:

Camille Erik Johnny
$6,600 $9,200 $13,000

[wagering suggestions for these scores]

Final Jeopardy! Round responses

GERMAN SCIENTISTS
CamilleWho is Copernicus
$1,001
ErikWho was ?
$9,200
JohnnyWho is Keplar
$0
Johannes Kepler

Final scores:

Camille Erik Johnny
$5,599 $0 $13,000
2nd place: $2,000 3rd place: $1,000 New champion: $13,000

Game dynamics:

Coryat scores:

Camille Erik Johnny
$6,600 $9,200 $13,800
13 R,
2 W
16 R,
3 W
17 R
(including 2 DDs),
2 W
(including 1 DD)

Combined Coryat: $29,600

[game clues] [game scores] [suggest correction]

Game tape date: 2015-12-02
The J! Archive is created by fans, for fans. Scraping, republication, monetization, and malicious use prohibited; this site may use cookies and collect identifying information. See terms. The Jeopardy! game show and all elements thereof, including but not limited to copyright and trademark thereto, are the property of Jeopardy Productions, Inc. and are protected under law. This website is not affiliated with, sponsored by, or operated by Jeopardy Productions, Inc. Join the discussion at JBoard.tv.